000 00638nam a2200193Ia 4500
003 GCL
008 140319s9999 xx 000 0 ara d
040 _aGCL /
_cGCL
082 0 4 _a428
_bد أ
245 1 0 _aالانكليزية فى جميع المناسبات = ENGLISH FOR ALL OCCASIONS
250 _aالاولى
260 _aبيروت :
_bدار الهيثم
300 _a104 ص ؛
_c21 سم
490 _aعالم اللغات
_v0
650 0 4 _aاللغة الانجليزية
650 0 4 _aاللغة الانجليزية - قواعد
650 0 4 _aاللغة الانجليزية - دراسة وتعلم
942 _2ddc
_cBK
999 _c4931
_d4931